000 00817nam a2200241 a 4500
001 13341
003 BD-JhCC
005 20230904114409.0
008 230904s20102013bg a|||| |||| 000 0 ben d
020 _a9789848802328
035 _a(BD-JhCC)13341
040 _aBD-JhCC
_dBD-JhCC
041 _aben
082 _a369.43092
_bMAS 2013
100 _aমাসুম, নুরুল্লাহ
245 _aছোটদের ব্যাডেন পাওয়েল /
_cনুরুল্লাহ মাসুম
260 _aঢাকা :
_bসিঁড়ি প্রকাশন,
_c২০১৩।
300 _a৮৭ পৃ. :
_bচিত্রবলী;
_c২১ সেমি.
600 _aBaden-Powell, Baron
_d1857-1941
650 _aBoy Scouts
650 _aScout Association
942 _2ddc
_cBK
999 _c13341
_d13341